| 000 | 00444nam a2200181Ia 4500 | ||
|---|---|---|---|
| 005 | 20250603145445.0 | ||
| 008 | 250603s9999 xx 000 0 und d | ||
| 020 | _a9781593700584 | ||
| 050 | _aTN 879.5 .M54 | ||
| 100 | _aMiesner, Thomas O. | ||
| 245 | 0 | _aOil and gas pipelines in nontechnical language | |
| 260 | _aOklahoma | ||
| 260 | _bPennWell Corporation | ||
| 260 | _c2006 | ||
| 300 | _a357 p | ||
| 650 | _aOklahoma | ||
| 942 | _cBK | ||
| 999 |
_c41916 _d41916 |
||